Tenancy Regulatory Reform Order - succession tenancies, part II (Record no. 118491)

MARC details
000 -LEADER
fixed length control field 00887cam a2200217 4500
001 - CONTROL NUMBER
control field ABS68650
008 - FIXED-LENGTH DATA ELEMENTS--GENERAL INFORMATION
fixed length control field 050126n2004 000 0 eng u
035 ## - SYSTEM CONTROL NUMBER
System control number (Sirsi) u128626
100 ## - MAIN ENTRY--PERSONAL NAME
Personal name Sydenham, A.
245 ## - TITLE STATEMENT
Title Tenancy Regulatory Reform Order - succession tenancies, part II
260 ## - PUBLICATION, DISTRIBUTION, ETC.
Date of publication, distribution, etc. 2004
490 ## - SERIES STATEMENT
Series statement EMIS Property Services
Volume/sequential designation 2(12) December 2004, 10-11(2)
520 ## - SUMMARY, ETC.
Summary, etc. Second part of a two-part series (see also Abs68649) examining government proposals relating to succession tenancies under the Agricultural Holdings Act 1986. This final part explores the proposed simplification of the procedure for succession on retirement.
590 ## - LOCAL NOTE (RLIN)
Local note ABS
590 ## - LOCAL NOTE (RLIN)
Local note ABS
650 ## - SUBJECT ADDED ENTRY--TOPICAL TERM
Topical term or geographic name entry element AGRICULTURAL HOLDINGS ACT 1986
650 ## - SUBJECT ADDED ENTRY--TOPICAL TERM
Topical term or geographic name entry element SUCCESSION TENANCIES
650 ## - SUBJECT ADDED ENTRY--TOPICAL TERM
Topical term or geographic name entry element AGRICULTURAL TENANCIES ACT 1995
690 ## - LOCAL SUBJECT ADDED ENTRY--TOPICAL TERM (OCLC, RLIN)
Topical term or geographic name as entry element LANDLORD AND TENANT-AGRICULTURAL TENANCIES
942 ## - ADDED ENTRY ELEMENTS (KOHA)
Suppress in OPAC 0
Holdings
Withdrawn status Lost status Source of classification or shelving scheme Damaged status Not for loan Home library Current library Shelving location Date acquired Total Checkouts Full call number Barcode Date last seen Copy number Price effective from Koha item type
    Dewey Decimal Classification     London London Journal article 26/01/2005   ABS68650 128626-1001 06/08/2019 1 06/08/2019 Journal article